[Event "EYCC Open U20 2021"]
[Site "Tornelo"]
[Date "2021.10.15"]
[Round "8.2"]
[White "Kirilmaz, Emre"]
[Black "Pantzar, Milton"]
[Result "0-1"]
[WhiteElo "2147"]
[BlackElo "2413"]
[Annotator "TA"]
[PlyCount "142"]
[EventDate "2021.10.15"]
[EventType "swiss"]
[EventCountry "NET"]
[SourceTitle "playchess.com"]
[Source "ChessBase"]
[SourceQuality "1"]

{[%evp 19,142,-3,21,2,11,16,14,7,23,24,10,8,3,0,0,5,15,11,10,20,33,-16,-14,-63,-52,-54,-55,-74,-80,-72,-64,-108,0,0,0,0,77,114,375,377,604,554,862,0,0,0,0,0,0,0,0,0,0,0,0,0,0,0,0,0,0,0,0,-61,-75,-80,-91,-87,-50,-477,-475,-477,-159,-162,-107,-1035,-1016,-1022,-967,-1130,-1137,-1664,-872,-846,-824,-787,-787,-927,-922,-919,-885,-820,-793,-1015,-1014,-1004,-978,-991,-985,-1015,-889,-29971,-29973,-29978,-29979,-29979,-29980,-29982,-29983,-29983,-29984,-29984,-29985,-29987,-29988,-29988,-29988,-29989,-29989,-29989,-29990,-29991,-29991,-29991,-29992]} 1. c4 e6 2. Nf3 d5 3. g3 Nf6 4. Bg2 Be7 5. O-O O-O 6. b3 b6 7. cxd5 Nxd5 8. Bb2 Bb7 9. Nc3 c5 10. Rc1 Nd7 {10...Nd7 scores better than 10...Bf6.} 11. Qc2 {A14: English Opening: 1...e6 with b3 by White.} N7f6 12. Rfd1 Rc8 13. Qb1 {[#] The position is equal.} Qc7 $146 ({Predecessor:} 13... Nxc3 14. Rxc3 Nd5 15. Rcc1 Bf6 16. d4 cxd4 17. Bxd4 Rxc1 18. Rxc1 h6 19. e3 Re8 {½-½ (56) Erigaisi,A (2559)-Mirzoev,A (2430) Chess.com INT 2020}) 14. Nb5 Qb8 15. Be5 Qa8 16. Nd6 Bxd6 17. Bxd6 Rfe8 18. Be5 Nd7 19. Ba1 Rcd8 20. Rc4 e5 21. Qf5 {[%cal Rf3e5]} f6 22. Qh3 Nf8 23. Nh4 Ne6 24. Nf5 Ng5 25. Qh4 {[#]} Qc8 ({Black should try} 25... Nc3 $1 $17 {[%mdl 512]} 26. Rxc3 Bxg2) 26. Nxg7 $1 $11 Kxg7 27. f4 Ne6 (27... h6 $11 28. fxg5 fxg5) 28. Be4 $16 Rh8 $2 {[%mdl 8192]} (28... Rd7 $16 {might work better.}) 29. fxe5 $18 f5 (29... h5 30. Bxd5 Rxd5) 30. Bxf5 {White threatens Rf1 and mate.} h5 31. Rg4+ $2 hxg4 $11 32. Qxg4+ Kf7 33. Bxe6+ Qxe6 34. Rf1+ Ke7 ({Not} 34... Nf4 $2 35. Rxf4+ Ke7 36. Qg7+ Ke8 37. Qxh8+ $18) 35. Qg7+ Ke8 36. Qxh8+ Kd7 37. Qh7+ Kc8 38. Rf7 Qc6 39. Qf5+ Kb8 40. Rf8 Rc8 $40 {[%mdl 128] Black mounts an attack.} 41. Qf3 (41. e6 $11) 41... a5 $15 42. h4 Rxf8 43. Qxf8+ {[#]} Ka7 $1 {( -> ...Nf4!)} 44. Kf2 $2 {[%mdl 8192]} ({White has to play} 44. Qd6 $1 $15) 44... Nb4 $19 {aiming for ...Qg2+.} 45. Qf3 {Qxc6 would now be nice for White.} Qg6 (45... Qd7 $19 {has better winning chances.} 46. e4 Qxd2+ 47. Qe2 Qc1) 46. Qf4 $17 Qb1 (46... Nxa2 $19 {...Qe6 is the strong threat.} 47. Bc3 Qe6) 47. Qc4 $2 {[%mdl 8192]} Qxa1 $19 48. e6 Qf6+ 49. Ke1 Bd5 50. Qf4 Qxf4 51. gxf4 Bxe6 52. h5 Nd5 53. e3 Bf5 54. h6 Nf6 55. Ke2 Ng8 56. d3 Nxh6 57. e4 Bg4+ 58. Ke3 Kb7 59. d4 Kc6 60. a4 Bd1 {Black mates.} 61. f5 {[#]} Nxf5+ $1 62. exf5 Bxb3 63. dxc5 Kxc5 {[%mdl 4096] Endgame KB-KPP} 64. f6 Kb4 65. Kd2 Kxa4 {KB-KP} 66. Kc1 Bf7 67. Kb2 b5 {[%cal Bb6b5,Bb5b4,Bb4b3][%mdl 32]} 68. Ka1 Ka3 69. Kb1 b4 70. Ka1 b3 71. Kb1 Bg6+ {What a bad dream for White.  Weighted Error Value: White=0.59/Black=0.35} 0-1

[Event "EYCC Open U20 2021"]
[Site "Tornelo"]
[Date "2021.10.15"]
[Round "8.3"]
[White "Koelle, Tobias"]
[Black "Salemgareev, Tagir"]
[Result "0-1"]
[WhiteElo "2393"]
[BlackElo "2489"]
[Annotator "TA"]
[PlyCount "164"]
[EventDate "2021.10.15"]
[EventType "swiss"]
[EventCountry "NET"]
[SourceTitle "playchess.com"]
[Source "ChessBase"]
[SourceQuality "1"]

{[%evp 11,163,32,24,0,7,0,0,8,0,16,23,0,0,0,27,3,17,0,0,0,0,-5,0,-10,0,0,7,8,0,7,0,0,0,0,11,11,9,10,129,143,135,129,137,134,129,134,102,107,694,25,25,0,71,17,28,0,0,0,30,0,0,0,0,0,0,0,0,-460,-460,-447,-447,-447,-446,-311,-227,-210,-35,-123,-37,-50,-22,-22,-22,-656,-642,-597,-590,-590,-581,-820,-668,-10206,-10206,-10199,-10191,-10165,-10009,-10199,-10147,-10110,-10066,-9998,-9918,-29967,-29969,-29968,-29969,-29966,-9901,-10148,-9993,-9708,-9469,-9157,-9157,-9143,-9128,-9121,-9114,-8475,-5616,-29969,-29969,-29958,-9065,-7600,-5848,-5669,-5892,-5591,0,-5406,-5628,-4936,-4806,-29980,-29981,-29979,-5073,-29971,-1509,-29973,-5724,-3796,-1131,-29972,-29976,-29976,-29977,-29981,-29982,-29998,-29999,-29999]} 1. d4 Nf6 2. c4 e6 3. Nf3 b6 4. g3 Ba6 5. Qc2 Bb7 6. Bg2 c5 7. d5 {E15: Queen's Indian: 4 g3 sidelines, 4 g3 Ba6 and 4 g3 Bb7 early deviations.} exd5 8. cxd5 Nxd5 9. O-O {Black must now prevent Ng5.The position is equal.} Be7 10. Rd1 Nc6 11. a3 (11. Rxd5 $2 Nb4 $17) 11... Nc7 12. Bf4 d6 13. Nc3 O-O 14. Rd2 Ne6 15. e3 Nxf4 16. gxf4 Qd7 17. Nd5 h6 18. Rad1 Rad8 19. b4 $1 {[#]} cxb4 $146 ({Predecessor:} 19... Rfe8 20. b5 Nb8 21. a4 Bxd5 22. Rxd5 Qe6 23. Nd2 Nd7 24. f5 Qf6 25. Ne4 Qh4 26. Nxd6 Bxd6 27. Rxd6 {1-0 (50) Ruiz Castillo,J (2482)-Mikalsen,E (2388) La Vega 2019}) 20. axb4 Rc8 21. Qb1 Bd8 22. f5 Qe8 23. f6 $36 {[%mdl 2048] White is pushing.} g6 24. h4 {With the idea h5!} h5 (24... Kh8 $11) 25. Nf4 $1 $16 {[%mdl 64] Discovered Attack} Bxf6 26. Rxd6 Ne5 27. Nxe5 {[%mdl 64] Discovered Attack} Bxe5 28. Bxb7 Bxd6 29. Rxd6 Qe7 $2 {[%mdl 8192] [#]} (29... Rd8 $16 30. Rxd8 Qxd8) 30. Bxc8 $2 (30. Rxg6+ $1 $18 {[%mdl 512]} fxg6 31. Bd5+ Rf7 32. Qxg6+ {[%mdl 64] Pin} Kf8 33. Ne6+ (33. Bxf7 Qxf7 34. Qg5 Rc1+ 35. Kh2 Rc4 $11) 33... Ke8 34. Ng5 {[%mdl 64] Pin}) 30... Qxd6 $11 31. Be6 Kh7 (31... fxe6 $11 32. Qxg6+ {[%mdl 64] Double Attack} Kh8 33. Qh6+ (33. Qxh5+ Kg8 $11) 33... Kg8 34. Qg5+ (34. Qxh5 Rf7 $15) 34... Kh7 35. Qxh5+ Kg8) 32. Ba2 (32. Bd5 $16) 32... Kh6 33. Qb2 Qe7 34. Ng2 Rd8 35. Bd5 a5 36. bxa5 bxa5 37. e4 a4 38. Qa2 a3 39. Bxf7 $2 {[%mdl 8192]} (39. Qb3 $11 {and White has nothing to worry.}) 39... Rd1+ $19 40. Kh2 Qd6+ $1 41. e5 Qxe5+ 42. f4 Qc5 43. Qe2 {[#]} Rd8 (43... Qg1+ $1 $19 44. Kg3 Qd4) 44. Qa6 ({White should try} 44. Qe6 $15 Qd6 45. Qe3) 44... Qd6 ({Better is} 44... Qf5 $17 {Threatens to win with ...Rd3.} 45. Bc4 Rd2 46. Qxa3 Qxf4+ 47. Qg3 Qxg3+ 48. Kxg3 g5) 45. Qa5 $15 Rb8 46. Qc3 Kh7 {...Rb2 is the strong threat.} 47. Kh3 $2 {[%mdl 8192]} (47. Kg3 $11) 47... Qd7+ $19 {[%mdl 64] Double Attack} 48. Kh2 Qxf7 49. Qxa3 {[%mdl 4096] Endgame KQR-KQN} Rb3 50. Qc1 Qd7 51. f5 Qxf5 52. Qc7+ Kg8 53. Qd8+ Kg7 54. Qd4+ Qf6 55. Qd7+ Qf7 56. Qd4+ Kh7 57. Nf4 Rf3 58. Ng2 Qc7+ 59. Kg1 Rf7 (59... Rh3 $142 60. Kf2 Ra3 61. Kg1 Ra2 62. Qe3 Ra1+ 63. Kf2 Qd6 64. Qf3 Ra3 65. Qf7+ Kh8 66. Kg1 Rh3 67. Qe8+ Kg7 68. Qe4 Qb6+ 69. Kf1 Rh1+ 70. Ke2 Qf6 71. Qb7+ Kh6 72. Qe4 Kg7 73. Qb7+ Kh6 74. Qe4 Kg7) 60. Qd3 Qc5+ 61. Kh2 Qe5+ 62. Kg1 Qf5 63. Qe3 Qf3 64. Qe5 Rd7 65. Kh2 Qd5 66. Qe8 Qd6+ 67. Kh1 Re7 (67... Ra7 $142 68. Qe1 Ra3 69. Kg1 Rh3 70. Qe4 Qb6+ 71. Kf1 Rh1+ 72. Ke2 Qb2+ 73. Kd3 Qa3+ 74. Kd2 Qa2+ 75. Kd3 Rd1+ 76. Ke3 Rf1 77. Kd3 Rd1+ 78. Ke3 Qa7+ 79. Kf3 Rf1+ 80. Kg3 Qc7+ 81. Nf4 Rg1+ 82. Kf3 Rg4 83. Qe3 Qc6+ 84. Kf2 Qf6 {[%mdl 64] Double Attack} 85. Kf3 Rxh4 86. Qe4 Rg4 87. Qe3 Rh4 88. Qe4 Rg4 89. Qe3 g5 {[%mdl 64] Pin} 90. Qe4+ Kh6 91. Ke3 Rxf4 92. Qd5 Qc3+ 93. Ke2 Qc2+ 94. Ke3 Qf2+ 95. Kd3 Qg3+ 96. Kc2 Rf2+ 97. Qd2 Rxd2+ 98. Kxd2 h4 99. Ke2 h3 100. Kd2 h2 101. Kc2 h1=Q 102. Kd2 Qhh2+ 103. Kd1 Qgg1#) 68. Qa8 Re2 69. Qb7+ Kh6 {( -> ...Rc2)} 70. Qc8 Kh7 71. Qb7+ $1 Qe7 72. Qd5 Rb2 73. Qd3 Qb7 {[%csl Gb2][%cal Rb7g2]} 74. Qg3 Rc2 (74... Rb3 $142 75. Qf4 Rf3 76. Qd6 Rh3+ 77. Kg1 Qa7+ 78. Kf1 Rf3+ 79. Ke2 Rf2+ {[%mdl 64] Double Attack} 80. Kd3 Rxg2 81. Qd5 Qa3+ 82. Kc4 Qa2+ 83. Kc5 Qa5+ 84. Kd6 Qd8+ {[%mdl 64] Double Attack} 85. Ke6 Re2+ 86. Qe5 Qe8+ 87. Kd5 Qxe5+ 88. Kc4 Rc2+ 89. Kb4 Qb8+ 90. Ka3 Rb2 91. Ka4 Qb4#) 75. Qg5 Qc7 (75... Rc3 $142 76. Kh2 Qd7 77. Kg1 Rh3 78. Ne1 Qa7+ 79. Kg2 Re3 80. Nf3 Re2+ 81. Kg3 Qb6 82. Qc1 Qd6+ 83. Qf4 {[#]} Rg2+ $3 {[%mdl 576] Deflection} 84. Kxg2 Qxf4 85. Ng5+ Kh6 86. Nf3 Kg7 87. Kf2 Kf6 88. Ke2 Kf5 89. Nd2 Qxh4 90. Ke3 Qf4+ 91. Kd3 h4 92. Nb3 Qg3+ 93. Kc2 h3 94. Nd4+ Ke4 95. Ne2 Qd3+ 96. Kb2 Qxe2+ 97. Kc3 Qd3+ 98. Kb4 Kd4 99. Ka5 Kc5 100. Ka4 h2 101. Ka5 Qb5#) 76. Qe3 Rc1+ (76... Rc3 $142 77. Qe6 Rd3 78. Kg1 Rd1+ 79. Ne1 Qa7+ 80. Kf1 Rd2 81. Qf6 Rh2 82. Qf3 Rxh4 83. Nd3 Rg4 84. Ke2 Qe7+ 85. Kf1 Rg5 86. Nf2 Qa7 87. Ke2 Rf5 88. Qe3 Qa2+ 89. Kd3 Rxf2 90. Qe7+ Rf7 91. Qe3 Rd7+ 92. Ke4 Re7+ {[%mdl 64] Skewer} 93. Kf3 Rxe3+ 94. Kxe3 h4 95. Kd4 h3 96. Ke5 h2 97. Kd4 h1=Q 98. Ke3 Qhd5 99. Kf4 Qf2+ 100. Kg4 Qh5#) 77. Ne1 Rc3 78. Qd2 Rh3+ {[%mdl 64] Double Attack. Black mates.} 79. Kg1 Rxh4 80. Nf3 Qg3+ 81. Kf1 Qxf3+ 82. Qf2 Rh1# {Black used his chance.  Weighted Error Value: White=0.77/Black=0.27} 0-1

[Event "EYCC Open U20 2021"]
[Site "Tornelo"]
[Date "2021.10.15"]
[Round "8.4"]
[White "Dudin, Gleb"]
[Black "Stoleriu, George"]
[Result "1/2-1/2"]
[WhiteElo "2438"]
[BlackElo "2373"]
[Annotator "TA"]
[PlyCount "43"]
[EventDate "2021.10.15"]
[EventType "swiss"]
[EventCountry "NET"]
[SourceTitle "playchess.com"]
[Source "ChessBase"]
[SourceQuality "1"]

{[%evp 16,43,23,23,15,15,23,21,14,8,16,37,29,0,0,0,0,0,0,0,0,0,0,0,28,-8,-6,-9,0,-2]} 1. d4 Nf6 2. c4 e6 3. g3 Bb4+ 4. Bd2 Qe7 5. Bg2 Nc6 6. Nf3 Bxd2+ 7. Qxd2 Ne4 8. Qc2 Qb4+ 9. Kf1 $1 {[%mdl 4] is now more promising than 9.Nc3.} d5 {E11: Bogo-Indian.} 10. e3 {[#]} Nd6 $146 ({Predecessor:} 10... Qxc4+ 11. Qxc4 dxc4 12. Nbd2 Nd6 13. Rc1 Bd7 14. Nxc4 Nxc4 15. Rxc4 O-O-O 16. Ke2 Kb8 17. Rhc1 {1-0 (63) Artemiev,V (2716)-Terry,R (2504) chess.com INT 2020}) 11. c5 Qc4+ 12. Qxc4 Nxc4 13. b3 $1 {[%cal Rb3c4]} N4a5 14. Ke2 b6 15. Rc1 Ba6+ 16. Kd2 Rb8 17. Na3 f6 18. Ne1 Kd7 19. Rc3 Nb7 20. cxb6 cxb6 21. Rac1 Rhc8 22. Bh3 {Not much happened in this game.  Weighted Error Value: White=0.05/Black=0.03} 1/2-1/2

[Event "EYCC Open U20 2021"]
[Site "Tornelo"]
[Date "2021.10.15"]
[Round "8.5"]
[White "Tryggestad, Andreas Garberg"]
[Black "Ibrahimli, Murad"]
[Result "1-0"]
[WhiteElo "2268"]
[BlackElo "2435"]
[Annotator "TA"]
[PlyCount "81"]
[EventDate "2021.10.15"]
[EventType "swiss"]
[EventCountry "NET"]
[SourceTitle "playchess.com"]
[Source "ChessBase"]
[SourceQuality "1"]

{[%evp 11,81,21,52,23,72,68,70,64,172,152,282,284,284,193,179,188,175,124,173,168,165,163,171,170,146,145,256,216,213,214,327,305,293,356,234,345,328,310,306,248,261,259,232,231,231,218,288,273,264,284,325,294,399,381,515,492,422,438,664,660,948,755,904,874,776,722,1118,1075,1671,658,3425,2920]} 1. e4 c5 2. c3 d5 3. exd5 Qxd5 4. d4 g6 5. Nf3 Bg7 6. Na3 {[%cal Bb1a3,Ba3b5,Bb5d6][%mdl 32]} cxd4 7. Bc4 {B06: Modern Defence.} Qa5 8. Qb3 {[%mdl 1024] White has strong compensation.} e6 {[%cal Rd4c3]} 9. Nb5 {[#] Hoping for Nd6+.White is slightly better.} Na6 $146 ({Black should play} 9... dxc3 $14 10. O-O (10. bxc3 Ne7 $14) (10. Nxc3 Nc6 $11) 10... Nc6) ({Predecessor:} 9... Nc6 10. Nd6+ Kf8 11. O-O Qc7 12. Nb5 Qd8 13. Bg5 Nf6 14. Rad1 a6 15. Nbxd4 Nxd4 16. Nxd4 {1-0 (50) Vajda,L (2534)-Ibrahimli,M (2436) Chess.com INT 2020}) 10. O-O ({Don't do} 10. Nbxd4 Ne7 $16) 10... Nh6 (10... dxc3 $16 11. bxc3 (11. Nxc3 Nf6 $11) 11... Kf8) 11. Nd6+ $18 ({Weaker is} 11. Nfxd4 O-O $16) 11... Kf8 12. Nxb7 Qb6 13. Qa3+ Kg8 14. Qxa6 (14. Nd6 $18 Nc5 15. Ne8 (15. cxd4 Qxd6 16. dxc5 Qc7 $16)) 14... Bxb7 15. Qxb6 axb6 16. Nxd4 Ba6 17. Bxa6 Rxa6 18. Rd1 Ra8 (18... Ng4 $16 {might work better.} 19. f3 Nf6) 19. Nc6 Nf5 20. Rd7 Bf6 (20... h5 {was called for.} 21. Bf4 Ra4) 21. g4 Nh4 22. Bh6 Bg7 23. g5 {Strongly threatening Rad1.} Bxh6 24. gxh6 {Rad1 is the strong threat.} Nf5 25. Ne7+ $40 {[%mdl 128] White is out for blood.} Kf8 26. Nxf5 gxf5 {[%mdl 4096] Endgame KRR-KRR} 27. Rb7 Rg8+ 28. Kf1 Rg6 29. Rxb6 Rxh6 30. a4 {[%cal Ba2a4,Ba4a5,Ba5a6,Ba6a7][%mdl 32]} Rxh2 {And now ...Rh1+ would win.} 31. Ke2 Ke7 32. a5 Rg2 33. a6 {White is clearly winning.} Rgg8 34. Rb7+ Kf6 (34... Kd6 $142 35. Rxf7 h5) 35. b4 {[%cal Bb2b4,Bb4b5,Bb5b6,Bb6b7][%mdl 32]} h5 36. b5 h4 37. a7 h3 38. Rh1 Rh8 39. b6 Rag8 {[#]} 40. Rc7 (40. Rxh3 $142 $3 {[%mdl 512]} Rxh3 41. Rb8) 40... h2 41. b7 {Weighted Error Value: White=0.26/Black=0.44} 1-0

[Event "EYCC Open U20 2021"]
[Site "Tornelo"]
[Date "2021.10.15"]
[Round "8.6"]
[White "Ben Ari, Yannay"]
[Black "Sokolovsky, Yahli"]
[Result "0-1"]
[WhiteElo "2416"]
[BlackElo "2422"]
[Annotator "TA"]
[PlyCount "64"]
[EventDate "2021.10.15"]
[EventType "swiss"]
[EventCountry "NET"]
[SourceTitle "playchess.com"]
[Source "ChessBase"]
[SourceQuality "1"]

{[%evp 15,64,22,29,22,18,18,59,64,69,37,39,31,38,14,43,52,96,90,90,103,110,89,99,106,111,104,93,86,101,88,83,72,133,128,189,125,137,156,148,129,115,-1730,-1587,-29993,-29994,-29996,-29996,-29996,-29997,-29997,-29998]} 1. b3 d5 2. Bb2 e6 3. Nf3 Nf6 4. c4 c6 5. g3 Bd6 6. Bg2 O-O 7. O-O Nbd7 8. d4 {Recently 8.Nc3 got a lot of attention.} Ne4 9. Ne1 {E01: Catalan: Early deviations.} f5 10. Nd3 {[#]} Rf6 $146 ({Predecessor:} 10... b6 11. Nd2 Nxd2 12. Qxd2 Qe7 13. f3 Ba6 14. Rac1 Rac8 15. e4 fxe4 16. fxe4 dxc4 17. Rxf8+ Rxf8 18. bxc4 {1-0 (26) Gelfand,B (2755)-Roiz,M (2658) Netanya 2009}) 11. Nd2 {[%cal Bb1d2,Bd2f3,Bf3e5][%mdl 32] White is slightly better.} Qe8 12. e3 Rh6 13. Nf3 g5 14. Nfe5 Ndf6 15. h3 Bd7 16. a4 Qe7 17. Qe1 g4 18. h4 Kh8 19. Qc1 Bc7 20. Ba3 Qg7 21. Nf4 Rg8 22. Bb4 a5 23. Be1 Bd8 ({Black should play} 23... Bc8) 24. b4 $16 Nh5 (24... Bc7 $16 {was called for.} 25. bxa5 Ra8) 25. Ne2 (25. bxa5 $18 {aiming for Nxh5.} Bc7 26. Bxe4 fxe4 27. Rb1) 25... Be8 26. bxa5 Bxh4 27. Bxe4 (27. gxh4 Qf6 $17) 27... fxe4 28. gxh4 {[%mdl 8192] This move loses the game for White.} (28. Bb4 $16) 28... Qf6 $19 29. Bb4 Qxh4 {Black mates.} 30. Bd6 {[#]} Nf4 $1 {[%csl Gh6][%cal Rh4h2][%mdl 512]} 31. Nf7+ Bxf7 {[%csl Gh6][%cal Rh4h2]} 32. Be5+ {[#]} Rg7 $1 {[%csl Gh6][%cal Rh4h2][%mdl 512] Weighted Error Value: White=0.58/Black=0.11} 0-1

[Event "EYCC Open U20 2021"]
[Site "Tornelo"]
[Date "2021.10.15"]
[Round "8.9"]
[White "Leisch, Lukas"]
[Black "Pliukha, Myhajlo"]
[Result "0-1"]
[WhiteElo "2406"]
[BlackElo "2217"]
[Annotator "TA"]
[PlyCount "114"]
[EventDate "2021.10.15"]
[EventType "swiss"]
[EventCountry "NET"]
[SourceTitle "playchess.com"]
[Source "ChessBase"]
[SourceQuality "1"]

{[%evp 13,114,0,7,-16,-24,-16,-21,-33,38,-14,0,0,0,0,0,0,0,-28,-25,-19,-27,-19,-13,-20,-11,-25,-16,-31,-27,-17,-21,-28,-31,-31,-35,-32,-18,-33,-18,-25,-11,-19,-11,-10,-9,-10,-10,-10,-6,-35,-6,-41,-30,-41,-25,-118,-126,-133,-126,-133,-133,-133,-102,-171,-159,-482,-429,-662,-643,-501,-485,-2354,-2321,-29963,-29964,-29962,-29964,-29969,-29970,-29970,-29971,-29970,-29972,-29968,-29967,-29976,-29980,-29980,-29981,-29981,-29982,-29982,-29983,-29983,-29984,-29984,-29983,-29985,-29986,-29986,-29987,-29987,-29988]} 1. c4 f5 2. g3 Nf6 3. Bg2 d6 4. Nc3 e5 5. d4 Be7 6. dxe5 dxe5 7. Qxd8+ Bxd8 8. Bg5 {A21: English Opening: 1...e5 2 Nc3.} h6 9. Bd2 c6 10. Nf3 {[#] The position is equal.} Nbd7 $146 (10... Bc7 $15) ({Predecessor:} 10... Bc7 11. O-O Be6 12. b3 Nbd7 13. Ne1 g5 14. e4 f4 15. f3 O-O-O 16. Na4 Nb6 {0-1 (38) Matthes,M-Kauder,H Freudenstadt 1996}) 11. O-O (11. Nh4 $1 $14) 11... e4 12. Nd4 Ne5 13. b3 Bb6 14. Nc2 Kf7 15. h3 Rd8 16. Rad1 Be6 17. Bf4 Ng6 18. Be3 Bxe3 19. Nxe3 Ne5 20. Nc2 g5 21. Nd4 Rd7 22. Nxe6 Kxe6 23. Rxd7 Kxd7 24. g4 fxg4 25. hxg4 Nexg4 26. Nxe4 Nxe4 27. Bxe4 $15 {[%mdl 4096] Endgame Hoping for Bf5+. KRB-KRN} Nf6 28. Bf5+ Kd6 29. f4 gxf4 30. Rxf4 Ke5 31. e3 Rg8+ 32. Kf1 Rf8 {White must now prevent ...Nh5.} 33. Bh3 Nh7 34. c5 (34. Rxf8 $11 {remains equal.} Nxf8 35. Bg4) 34... Rxf4+ $17 35. exf4+ Kxf4 {KB-KN} 36. Bc8 b6 37. cxb6 axb6 38. b4 (38. Bb7 $17) 38... Ke5 $1 $19 39. a4 $2 {This costs White the game.} (39. Bd7 $17 {is tougher.}) 39... Kd6 $1 40. a5 {[#]} (40. Ke2 $142 Nf6 41. a5) 40... Kc7 $1 {[%cal Rc7c8]} 41. Bf5 Nf6 42. axb6+ (42. Kf2 $142 b5 43. Ke3 Nd5+ {[%mdl 64] Double Attack} 44. Ke4) 42... Kxb6 43. Ke2 Kb5 {Black mates.} 44. Kd3 Kxb4 45. Kd4 c5+ 46. Ke5 Nh5 47. Bg6 {[#]} Ng7 $1 48. Kf6 {[#]} h5 $1 49. Kxg7 {KB-KPP} (49. Ke5 c4) 49... h4 50. Kf6 h3 51. Ke5 h2 52. Be4 c4 53. Kf4 c3 54. Ke3 Kb3 55. Kf2 h1=Q {[%mdl 64] Deflection, Promotion} 56. Bxh1 c2 57. Bd5+ Kc3 {Weighted Error Value: White=0.49/Black=0.05} 0-1

[Event "EYCC Open U20 2021"]
[Site "Tornelo"]
[Date "2021.10.15"]
[Round "8.10"]
[White "Nordquelle, Daniel"]
[Black "Kalogridis, Antonios"]
[Result "0-1"]
[WhiteElo "2143"]
[BlackElo "2275"]
[Annotator "TA"]
[PlyCount "132"]
[EventDate "2021.10.15"]
[EventType "swiss"]
[EventCountry "NET"]
[SourceTitle "playchess.com"]
[Source "ChessBase"]
[SourceQuality "1"]

{[%evp 9,132,29,50,39,41,36,51,39,35,39,52,35,39,0,20,17,29,33,33,6,25,-5,-15,-14,19,0,0,0,117,109,113,114,105,35,67,43,0,0,40,32,116,120,155,152,146,125,129,125,164,131,100,98,224,226,346,192,352,326,642,207,199,202,170,89,86,-24,38,11,108,108,279,0,98,0,375,362,892,373,367,295,526,395,401,376,368,324,287,209,231,153,153,147,144,20,25,26,27,8,8,8,37,37,60,50,58,19,80,37,87,37,37,0,37,0,0,0,0,0,0,-538,-522,-2030,-1446,-991,-745]} 1. e4 c6 2. d4 d5 3. e5 Bf5 4. Nf3 e6 5. Be2 Bb4+ 6. Nbd2 {B12: Caro-Kann: Advance Variation.} Nd7 7. O-O Ba5 8. Nb3 {White is slightly better.} Bc7 9. a4 a5 {[#]} 10. Be3 $146 ({Predecessor:} 10. Bg5 f6 11. Bh4 Qb8 12. Re1 fxe5 13. dxe5 Nh6 14. Nfd4 Bxe5 15. g4 Bxh2+ 16. Kg2 {1-0 (31) Cori Quispe,K (2378)-Carneiro,V (2435) Manta 2017}) 10... f6 {[%cal Rf6e5]} 11. exf6 Qxf6 12. Qd2 Ne7 13. Bg5 Qf7 14. Nh4 O-O 15. Bxe7 Qxe7 16. Nxf5 Rxf5 17. Bd3 Rh5 18. g3 g5 (18... e5 $11) 19. Rae1 $16 Kh8 {[#]} 20. Bf5 $1 {[%mdl 576] Pin} Rh6 21. Qe2 Re8 $14 22. Kh1 Qf7 23. Bg4 Nf6 24. Bxe6 Qe7 (24... Qg6 $1 $14) 25. Bg4 $16 Qb4 26. Qd1 Ne4 {and if ...Nxf2+! works, Black does fine.} 27. Kg2 Rf8 28. Bf3 Nd6 29. Qd2 Rhf6 30. Bg4 Qxa4 (30... Bb6 $16 {keeps fighting.}) 31. Nc5 $18 (31. Qxg5 Ne4 $11) 31... Qb5 (31... Qa2 $142 32. Qxg5 Bd8) 32. Qxg5 (32. Ne6 $142 R8f7 33. Nxc7 (33. Nxg5 Rg7 $16) (33. Qxg5 Ne4 $18 {[%mdl 64] Double Attack}) 33... Rxc7 34. Qxg5) 32... Bd8 $2 (32... Ne4 {was called for.} 33. Nxe4 dxe4 34. Qxb5 cxb5 35. Rxe4 b4) 33. Qe5 Nc4 $2 (33... Qxb2 34. Ne6 Nf7) 34. Qe2 $2 (34. Qh5) 34... Qxb2 35. Nd7 Qxd4 36. Nxf8 $40 {[%mdl 128] White has strong attack.} ({Reject} 36. Nxf6 $6 Qxf6 37. Qd1 Be7 $14) (36. Rd1 $1 $18 {[%cal Rd1d4]} Qa7 37. Rd3 (37. Nxf6 Bxf6 38. Bf5 a4 $11) (37. Nxf8 Rxf8 38. Rd3 Bf6 $16)) 36... Rxf8 $16 {[#]} 37. Qd1 ({White should try} 37. Bf5 $1 $16 Qf6 38. Bd3) 37... Qg7 (37... Qxd1 $11 38. Rxd1 Bf6) 38. Re6 $14 a4 (38... Bb6 $11) 39. Rfe1 $1 $16 a3 $2 (39... Bf6 $16) 40. Be2 $2 (40. Re8 $1 $18 {Qf3 is the strong threat.} Bg5 41. Bh5) 40... Nb2 {[#]} (40... Ba5 $11 41. Bxc4 Bxe1 42. Qxe1 dxc4) 41. Qa1 (41. Qd2 $1 $16) 41... Qf7 $2 {[%mdl 8192]} (41... Be7 $11) 42. Qxa3 $18 Bf6 {[#]} (42... Qxf2+ 43. Kh3 Nc4 44. Bxc4 dxc4 45. Qc3+ Bf6 46. Qxc4 Bg7) 43. Bg4 (43. Bh5 $142 $1 {[%mdl 512]} Nc4 44. Bxf7 Nxa3 45. Rxf6) 43... Bg7 44. Qf3 Qg8 $2 (44... Qxf3+ {is a better defense.} 45. Bxf3 Na4) 45. Qe2 Bc3 46. Rf1 Nc4 47. Bh5 Nd2 {[#]} 48. Qd3 {[%mdl 512]} Bg7 (48... Bb2 49. Rfe1) 49. Re7 Nxf1 50. Kxf1 b5 51. Bg4 (51. f4 $16) 51... Rxf2+ $1 $11 {[%mdl 64] Decoy} 52. Kxf2 Qf8+ 53. Qf5 Qxe7 54. Qc8+ {[%mdl 64] Double Attack} Bf8 55. Qxc6 Qe5 {Hoping for ...Qd4+.} 56. Qc8 {[%cal Rc8f8]} Kg7 57. Qf5 Qc3 (57... Bc5+ $11 {remains equal.} 58. Kg2 Qxf5 59. Bxf5 h6) 58. Qd7+ Kf6 59. Qe6+ ({Much weaker is} 59. Qxd5 Qxc2+ 60. Kf3 Bc5 $11) (59. Qd8+ {keeps more tension.} Kg7 60. Qg5+ Kh8 61. Bf5 Qg7 62. Qf4) 59... Kg7 60. Qd7+ Kh8 (60... Kf6 {looks sharper.}) 61. Bf5 {[%csl Gf5][%cal Rd7h7]} Qd2+ 62. Kf3 {[%csl Gf5][%cal Rd7h7]} Qxh2 63. Qxb5 {White threatens Qb2+ and mate.} Qh1+ 64. Ke2 $2 {[%mdl 8192]} (64. Kf2 $11 Qh2+ 65. Kf1 Qxg3 66. Qxd5) 64... Qg2+ $19 {[%mdl 64] Double Attack. Black is clearly winning.} 65. Ke3 {Intending Qb2+ and mate.} Qxg3+ 66. Ke2 Qe5+ {[%mdl 64] Double Attack. Black used his chance.  Weighted Error Value: White=0.46/Black=0.57} 0-1